<?xml version="1.0" encoding="UTF-8"?>
<marc:record xmlns:marc="http://www.loc.gov/MARC21/slim">
   <marc:leader>00000nam a2200000 a 4500</marc:leader>
   <marc:datafield ind1="1" ind2=" " tag="100">
      <marc:subfield code="a">Muylaert, Anna</marc:subfield>
   </marc:datafield>
   <marc:datafield ind1="1" ind2=" " tag="100">
      <marc:subfield code="a">Casé, Regina</marc:subfield>
   </marc:datafield>
   <marc:datafield ind1="0" ind2="0" tag="245">
      <marc:subfield code="a">Der Sommer mit Mama</marc:subfield>
   </marc:datafield>
   <marc:datafield ind1="0" ind2="0" tag="245">
      <marc:subfield code="c">Regie: Anna MuylaertDarsteller: Regina Casé, Michel Joelsas, Camila Márdila, Karine Teles, Lourenco Mutarelli</marc:subfield>
   </marc:datafield>
   <marc:datafield ind1=" " ind2="1" tag="264">
      <marc:subfield code="b">Alive</marc:subfield>
      <marc:subfield code="c">2016</marc:subfield>
   </marc:datafield>
   <marc:datafield ind1="1" ind2=" " tag="520">
      <marc:subfield code="a">Seit vielen Jahren lebt und arbeitet Val als Haushälterin bei einer wohlhabenden Familie in Sao Paulo.Pflichtbewusst und mit Hingabe kümmert sie sich um alles und erträgt so manches. Für den 17-jährigen Sohn Fabinho ist sie wie eine zweite Mutter. Eines Tages kommt ihre eigene Tochter Jessica die sie als kleines Mädchen bei einer Freundin zurückgelassen hat, um die Aufnahmeprüfung an der Universität zu machen. Und damit gerät nicht nur Vals Weltbild sondern auch das strenge Machtgefüge im Haus ins Wanken. Denn Jessica ist nicht bereit, sich den starren Standesregeln unterzuordnen und mischt den Haushalt auf.</marc:subfield>
   </marc:datafield>
   <marc:datafield ind1=" " ind2=" " tag="020">
      <marc:subfield code="a">B015UT34JO</marc:subfield>
      <marc:subfield code="9">B015UT34JO</marc:subfield>
   </marc:datafield>
   <marc:datafield ind1="0" ind2=" " tag="490">
      <marc:subfield code="v">0</marc:subfield>
   </marc:datafield>
   <marc:datafield ind1=" " ind2=" " tag="300">
      <marc:subfield code="a">1 DVD (ca. 110 Min.)</marc:subfield>
   </marc:datafield>
</marc:record>
